=LDR 00000nam 2200000 4500 =001 INLIS000000000009230 =990 ##$$a 20606434 =005 20201130094045 =990 ##$$a 20606431 =035 ##$$a 0010-061300000009230 =990 ##$$a 20606433 =008 201130################g##########0#ind## =990 ##$$a 40600878 =041 ##$$a Ind =990 ##$$a DW00026201 =082 ##$$a 338.9 =990 ##$$a DW00026202 =090 ##$$a 350, Sia-a =990 ##$$a DW00026203 =100 ##$$a Siagian, Sondang P =990 ##$$a DW00026204 =245 1#$$a Administrasi pembangunan : $b Konsep, dimensi dan strateginya /$c Prof. Dr. Sondang P. Siagian, M.P.A. =990 ##$$a 20606432 =260 ##$$a Jakarta :$b Bumi Aksara,$c 2003 =990 ##$$a 1038575 =300 ##$$a xi, 199 hlm ; $c 23 x 16 cm. =990 ##$$a 21303464 =650 #4$$a Administrasi Negara =990 ##$$a 40600552 =850 ##$$a NBPNMAT =990 ##$$a 0001/BPAP-NTB/2015 =020 ##$$a 979-526-492-3 =990 ##$$a 40600551 =084 ##$$a 338.9 SIA a =250 ##$$a Cet. Ketiga =990 ##$$a 20606431 =990 ##$$a 20606433 =990 ##$$a 40600878 =990 ##$$a DW00026201 =990 ##$$a DW00026202 =990 ##$$a DW00026203 =990 ##$$a DW00026204 =990 ##$$a 1038575 =990 ##$$a 21303464 =990 ##$$a 40600552 =990 ##$$a 0001/BPAP-NTB/2015 =990 ##$$a 40600551 =990 ##$$a 20606434 =990 ##$$a 20606433 =990 ##$$a 20606431 =990 ##$$a 40600878 =990 ##$$a DW00026201 =990 ##$$a DW00026202 =990 ##$$a DW00026203 =990 ##$$a DW00026204 =990 ##$$a 1038575 =990 ##$$a 21303464 =990 ##$$a 40600552 =990 ##$$a 0001/BPAP-NTB/2015 =990 ##$$a 40600551 =990 ##$$a 20606434 =990 ##$$a 23232323 =990 ##$$a 20606432 =990 ##$$a 20606431 =990 ##$$a 20606433 =990 ##$$a 40600878 =990 ##$$a DW00026201 =990 ##$$a DW00026202 =990 ##$$a DW00026203 =990 ##$$a DW00026204 =990 ##$$a 1038575 =990 ##$$a 21303464 =990 ##$$a 40600552 =990 ##$$a 0001/BPAP-NTB/2015 =990 ##$$a 40600551 =990 ##$$a 20606434 =990 ##$$a 1200602788 =990 ##$$a 20606432 =990 ##$$a 20606431 =990 ##$$a 20606433 =990 ##$$a 40600878 =990 ##$$a DW00026201 =990 ##$$a DW00026202 =990 ##$$a DW00026203 =990 ##$$a DW00026204 =990 ##$$a 1038575 =990 ##$$a 21303464 =990 ##$$a 40600552 =990 ##$$a 0001/BPAP-NTB/2015 =990 ##$$a 40600551 =990 ##$$a 20606434 =990 ##$$a 1200602788 =990 ##$$a 17531753 =990 ##$$a 02640264 =990 ##$$a 21303467 =990 ##$$a 20606431 =990 ##$$a 20606433 =990 ##$$a 40600878 =990 ##$$a DW00026201 =990 ##$$a DW00026202 =990 ##$$a DW00026203 =990 ##$$a DW00026204 =990 ##$$a 20606432 =990 ##$$a 1038575 =990 ##$$a 21303464 =990 ##$$a 40600552 =990 ##$$a 0001/BPAP-NTB/2015 =990 ##$$a 40600551 =990 ##$$a 20606434 =990 ##$$a 1201344034